Μηχανική του απαραμόρφωτου στερεού : στατική : ισοστατικοί φορείς : θεωρία-περίληψη-μεθοδολογία-2000 έγχρωμα σχήματα-460 έγχρωμες φωτογραφίες-390 παραδείγματα & λυμένες ασκήσεις-άλυτες ασκήσεις με απαντήσεις

Αποθηκεύτηκε σε:
Λεπτομέρειες βιβλιογραφικής εγγραφής
Κύριοι συγγραφείς: Βουθούνης, Παναγιώτης Α. (Συγγραφέας), Σταματίου, Αικατερίνη Ε. (Συγγραφέας), Βουθούνη, Παναγιώτα Π. (Συγγραφέας)
Μορφή: Βιβλίο
Γλώσσα:Greek
Δημοσίευση: Αθήνα : Ανδρομάχη Βουθούνη, c2018.
Έκδοση:6η έκδ. βελτιωμένη
Θέματα:
Ετικέτες: Προσθήκη ετικέτας
Δεν υπάρχουν, Καταχωρήστε ετικέτα πρώτοι!

MARC

LEADER 00000cam a2200000 a 4500
001 1/122248
008 201014t2018####gr | ||| |||| ||gre||
020 |a 9786188328013   |q (σκληρό εξώφυλλο)  
040 |a GR-MyUa  |b gre  |c GR-MyUa  |e AACR2 
041 0 |a gre 
082 7 |a 620.1123   |2 (23)  
100 1 |a Βουθούνης, Παναγιώτης Α.  |e aut 
245 1 2 |a Μηχανική του απαραμόρφωτου στερεού :   |b στατική : ισοστατικοί φορείς : θεωρία-περίληψη-μεθοδολογία-2000 έγχρωμα σχήματα-460 έγχρωμες φωτογραφίες-390 παραδείγματα & λυμένες ασκήσεις-άλυτες ασκήσεις με απαντήσεις/   |c Βουθούνης Παναγιώτης Α., Σταματίου Αικατερίνη Ε., Βουθούνη Παναγιώτα Π.  
250 |a 6η έκδ. βελτιωμένη  
260 |a Αθήνα :   |b Ανδρομάχη Βουθούνη,   |c c2018.  
300 |a 902 σ. :   |b διαγρ., εικ., πίν. ;   |c 29 εκ. 
504 |a Περιλαμβάνει βιβλιογραφία.  
650 0 |a Strength of materials. 
650 0 |a Statics. 
700 1 |a Σταματίου, Αικατερίνη Ε.  |e aut 
700 1 |a Βουθούνη, Παναγιώτα Π.  |e aut 
852 |a INST  |b CHIOS  |e 20201014  |h 620.1123 ΒΟΥ  |p 005200039916  |q 005200039916  |t BK  |y 0 
920 |a Καμπούρη  |b Μαρία  |y Χίος  |z 2020-10 
970 |a Παροικάκη  |b Βασιλική  |z 14-10-2020